<?xml version="1.0" encoding="UTF-8"?>
<record
    xmlns:xsi="http://www.w3.org/2001/XMLSchema-instance"
    xsi:schemaLocation="http://www.loc.gov/MARC21/slim http://www.loc.gov/standards/marcxml/schema/MARC21slim.xsd"
    xmlns="http://www.loc.gov/MARC21/slim">

  <leader>00685nam a22002052a 4500</leader>
  <datafield tag="999" ind1=" " ind2=" ">
    <subfield code="c">23289</subfield>
    <subfield code="d">23289</subfield>
  </datafield>
  <controlfield tag="001">000063828</controlfield>
  <controlfield tag="005">20220823091117.0</controlfield>
  <controlfield tag="008">010907s1992    xr     f            cze d</controlfield>
  <datafield tag="020" ind1=" " ind2=" ">
    <subfield code="z">80-85-385-13-19</subfield>
  </datafield>
  <datafield tag="040" ind1=" " ind2=" ">
    <subfield code="a">BOA001</subfield>
    <subfield code="b">cze</subfield>
    <subfield code="c">sk</subfield>
  </datafield>
  <datafield tag="080" ind1=" " ind2=" ">
    <subfield code="a">159.961</subfield>
    <subfield code="2">MRF</subfield>
  </datafield>
  <datafield tag="100" ind1="1" ind2=" ">
    <subfield code="a">Kafka, B&#x159;etislav,</subfield>
    <subfield code="d">1891-1967</subfield>
    <subfield code="9">3266</subfield>
  </datafield>
  <datafield tag="245" ind1="1" ind2="0">
    <subfield code="a">Parapsychologie /</subfield>
    <subfield code="c">B&#x159;etislav Kafka</subfield>
  </datafield>
  <datafield tag="250" ind1=" " ind2=" ">
    <subfield code="a">1. vyd.</subfield>
  </datafield>
  <datafield tag="260" ind1=" " ind2=" ">
    <subfield code="a">Praha :</subfield>
    <subfield code="b">Road,</subfield>
    <subfield code="c">1992</subfield>
  </datafield>
  <datafield tag="300" ind1=" " ind2=" ">
    <subfield code="a">314 s., il. na p&#x159;&#xED;l.</subfield>
  </datafield>
  <datafield tag="490" ind1="1" ind2=" ">
    <subfield code="a">Psych&#xE9;</subfield>
  </datafield>
  <datafield tag="500" ind1=" " ind2=" ">
    <subfield code="a">Dostupn&#xE9; t&#xE9;&#x17E; v digit&#xE1;ln&#xED; podob&#x11B; v aplikaci Kramerius</subfield>
  </datafield>
  <datafield tag="856" ind1="4" ind2="1">
    <subfield code="u">http://www.digitalniknihovna.cz/mzk/uuid/uuid:a5139780-4b11-11e5-8851-005056827e51</subfield>
    <subfield code="y">Digitalizovan&#xFD; dokument</subfield>
  </datafield>
  <datafield tag="952" ind1=" " ind2=" ">
    <subfield code="0">0</subfield>
    <subfield code="1">0</subfield>
    <subfield code="2">udc</subfield>
    <subfield code="4">0</subfield>
    <subfield code="7">0</subfield>
    <subfield code="8">D</subfield>
    <subfield code="a">10000</subfield>
    <subfield code="b">10000</subfield>
    <subfield code="d">2022-08-23</subfield>
    <subfield code="i">21622</subfield>
    <subfield code="o">S1526</subfield>
    <subfield code="p">S1526</subfield>
    <subfield code="r">2022-08-23</subfield>
    <subfield code="w">2022-08-23</subfield>
    <subfield code="y">OLDO</subfield>
  </datafield>
</record>
